Statistics for tolerate it - Taylor Swift (All Lyrics)

Click here to take the quiz!

General Stats

  • This quiz has been taken 61 times
  • The average score is 299 of 315

Answer Stats

Lyrics% Correct
a
100%
And
100%
and
100%
be
100%
head,
100%
head
100%
I
100%
I?
100%
(I)
100%
in
100%
it
100%
me
100%
me,
100%
my
100%
tolerate
100%
watch
100%
what
100%
with
100%
you,
100%
you
100%
You
100%
your
100%
all
98%
do
98%
fancy
98%
for
98%
if
98%
If
98%
I'm
98%
it's
98%
Lay
98%
made
98%
Now
98%
now
98%
shit
98%
sit
98%
sky
98%
so
98%
table
98%
Tell
98%
tell
98%
the
98%
beggin'
95%
but
95%
But
95%
closed
95%
eyes
95%
footnotes
95%
got
95%
life
95%
low
95%
much
95%
of
95%
somehow
95%
story
95%
temple,
95%
too
95%
wrong
95%
best
93%
celebrated
93%
colors
93%
I've
93%
love
93%
mural,
93%
older
93%
should
93%
where
93%
wiser,
93%
Always
91%
by
91%
know
91%
man
91%
or
91%
portrait
91%
space
91%
takin'
91%
time
91%
up
91%
us
91%
Use
91%
were
91%
wire?
91%
You're
91%
barbed
89%
door
89%
hearts
89%
just
89%
kid
89%
like
89%
other
89%
out
89%
over
89%
readin'
89%
that
89%
then
89%
they
89%
wait
89%
was
89%
worlds,
89%
would
89%
blankets
86%
buildin'
86%
dagger
86%
don't
86%
Drawin'
86%
leave
86%
plates
86%
polish
86%
removed
86%
ruins?
86%
this
86%
Took
86%
until
86%
Where's
86%
While
86%
Believe
84%
breathin'
84%
could
84%
gleam
84%
glisten
84%
notice
84%
byline
82%
everything
82%
lose
82%
throw
82%
assume
80%
Break
80%
fine,
80%
free
80%
Gain
80%
listen
80%
take
80%
weight
80%
battle
77%
greet
77%
hero's
77%
fun
75%
good
75%
welcome
75%
who'd
75%
indiscretions
73%
wake
68%

Score Distribution

Percentile by Number Answered

Percent of People with Each Score

Your Score History

You have not taken this quiz